[Event "18th Hampstead U2200 Congress"]
[Site "London, England"]
[Date "2014.06.21"]
[Round "1"]
[White "Haribalu, V."]
[Black "Meikle-Briggs, Richard"]
[Result "1-0"]
[WhiteElo "2187"]
[BlackElo "1736"]

1. e4 c5 2. Nc3 Nc6 3. Nf3 g6 4. Bc4 Bg7 5. O-O d6 6. Ng5 Nh6 7. d3 O-O 8. f4
Na5 9. Bb3 Nxb3 10. axb3 f5 11. Qe2 e5 12. Nd5 exf4 13. Bxf4 Bxb2 14. Rae1
Bd4+ 15. Kh1 Ng4 16. exf5 Nf2+ 17. Rxf2 Bxf2 18. Ne7+ Kg7 19. Qxf2 Bxf5 20.
Nxf5+ {#r} 1-0

[Event "18th Hampstead U2200 Congress"]
[Site "London, England"]
[Date "2014.06.21"]
[Round "1"]
[White "Mkpadi, Michael"]
[Black "Ronka, Erik"]
[Result "0-1"]
[WhiteElo "1735"]
[BlackElo "2173"]

1. e4 c6 2. f4 d5 3. exd5 cxd5 4. Nf3 Nc6 5. Bb5 a6 6. Ba4 b5 7. Bb3 Bg4 8. c3
e6 9. d4 Bd6 10. O-O Nge7 11. Bc2 Qc7 12. Qd2 Bxf3 13. Rxf3 Rc8 14. Rh3 Nxd4
15. Rxh7 Rxh7 16. Bxh7 Bxf4 17. Qxd4 Bxc1 18. Na3 Bxb2 19. Rf1 Bxc3 20. Qf2
Qc5 {#R} 0-1

[Event "18th Hampstead U2200 Congress"]
[Site "London, England"]
[Date "2014.06.21"]
[Round "1"]
[White "Healey, Mike"]
[Black "Grieve, Harry"]
[Result "1-0"]
[WhiteElo "2122"]
[BlackElo "1726"]

1. e4 c5 2. Nf3 e6 3. b3 Nc6 4. Bb2 Nf6 5. Nc3 a6 6. Qe2 b6 7. e5 Ng8 8. Ne4
Bb7 9. g4 f6 10. g5 f5 11. Nf6+ gxf6 12. exf6 {#r} 1-0

[Event "18th Hampstead U2200 Congress"]
[Site "London, England"]
[Date "2014.06.21"]
[Round "1"]
[White "Carter, John"]
[Black "Villiers, Thomas"]
[Result "1-0"]
[WhiteElo "1713"]
[BlackElo "2076"]

1. d4 d5 2. c4 e6 3. Nc3 Nf6 4. Bg5 Be7 5. e3 O-O 6. Nf3 c5 7. cxd5 exd5 8.
Rc1 Be6 9. Bd3 c4 10. Bb1 Nc6 11. Ne5 Qa5 12. O-O Rfe8 13. f4 Rad8 14. f5 Bd7
15. Qf3 Ne4 16. Bxe7 Rxe7 17. Nxd5 Nd2 18. Nxe7+ Nxe7 19. Qh5 g6 20. Qh4 Nxf1
21. Qxe7 Be8 22. Nxc4 Qd5 23. Rxf1 Bc6 24. Be4 Qxe4 25. Qxd8+ Kg7 26. Qg5 f6
27. Qg3 g5 28. Nd6 Qd5 29. Rc1 h5 30. h4 Kf8 31. Rc5 Qxa2 32. Nxb7 Qb1+ 33.
Kh2 Qe4 34. Rxc6 Qxc6 35. Qd6+ Qxd6+ 36. Nxd6 gxh4 37. Kh3 Ke7 38. Nc8+ Kd7
39. Nxa7 Kd6 40. e4 {#r} 1-0

[Event "18th Hampstead U2200 Congress"]
[Site "London, England"]
[Date "2014.06.21"]
[Round "1"]
[White "Bonafont, Philip"]
[Black "Sonnis, Steve"]
[Result "1/2-1/2"]
[WhiteElo "2053"]
[BlackElo "1700"]

1. d4 f5 2. Bf4 Nf6 3. e3 e6 4. Nf3 d5 5. c4 Bb4+ 6. Nc3 O-O 7. Qb3 Bxc3+ 8.
bxc3 c6 9. Be2 Qa5 10. O-O Ne4 11. Qb4 Qxb4 12. cxb4 Nd7 13. c5 Re8 14. a4 b6
15. b5 Bb7 16. bxc6 Bxc6 17. cxb6 axb6 18. Rfc1 Rec8 19. Rxc6 Rxc6 20. Bb5
Rac8 21. Bxc6 Rxc6 {#d} 1/2-1/2

[Event "18th Hampstead U2200 Congress"]
[Site "London, England"]
[Date "2014.06.21"]
[Round "1"]
[White "Ngulube, Michael"]
[Black "Jyothilal, N."]
[Result "0-1"]
[WhiteElo "1690"]
[BlackElo "2048"]

1. d4 Nf6 2. c4 g6 3. Nc3 d5 4. cxd5 Nxd5 5. e4 Nxc3 6. bxc3 Bg7 7. Bc4 O-O 8.
Ne2 Nc6 9. O-O Na5 10. Bd3 b6 11. Be3 Bb7 12. f3 Qd7 13. Qd2 c5 14. dxc5 Rfd8
15. Nf4 e5 16. Nd5 Bxd5 17. exd5 Qxd5 18. Be4 Qxd2 19. Bxd2 Rac8 20. cxb6 axb6
21. Be3 Nc4 22. Bg5 f6 23. Bh4 Nd2 24. Rfd1 Kf7 25. Bb7 Rxc3 26. Rxd2 Rxd2 27.
Be1 Rcc2 28. Bxd2 Rxd2 29. a4 Bf8 30. h3 Bc5+ 31. Kh1 f5 32. Bc6 f4 33. Kh2
Kf6 34. h4 g5 35. Be4 h6 36. h5 g4 37. fxg4 Rd4 38. Bf5 e4 39. a5 bxa5 40.
Rxa5 Bd6 41. Kg1 e3 42. Ra1 Kg5 43. Kf1 Rd2 44. Rc1 Bb4 45. Rc2 Rd1+ 46. Ke2
Re1+ 47. Kf3 Rf1+ 48. Ke4 Bd2 49. Kd3 Rf2 50. Be4 Kxg4 51. Bf3+ Kg3 52. Rc6
Be1 53. Rg6+ Kh2 54. Rxh6 Rd2+ 55. Ke4 Bg3 56. Rg6 e2 57. Bxe2 Rxe2+ 58. Kf3
Re3+ 59. Kg4 Kxg2 60. h6 f3 61. h7 Re4+ 62. Kg5 Rh4 {#R} 0-1

[Event "18th Hampstead U2200 Congress"]
[Site "London, England"]
[Date "2014.06.21"]
[Round "1"]
[White "Kovacs, Zoltan"]
[Black "Oliveri, Claudio"]
[Result "1-0"]
[WhiteElo "2042"]
[BlackElo "1683"]

1. e4 c5 2. Nc3 e6 3. f4 d5 4. Nf3 dxe4 5. Nxe4 Nf6 6. Bb5+ Bd7 7. Bxd7+ Nbxd7
8. d3 Nxe4 9. dxe4 Nf6 10. Qe2 Qb6 11. Ne5 Qb4+ 12. c3 Qxe4 13. Be3 a6 14.
O-O-O Nd5 15. Rhe1 Qa4 16. f5 Bd6 17. Nxf7 Kxf7 18. fxe6+ Ke7 19. Rxd5 h6 20.
Qd2 Rad8 21. Bg5+ hxg5 22. Qxg5+ {#r} 1-0

[Event "18th Hampstead U2200 Congress"]
[Site "London, England"]
[Date "2014.06.21"]
[Round "1"]
[White "Crouch, Timothy J"]
[Black "Krzyzanowski, Patryk"]
[Result "0-1"]
[WhiteElo "1663"]
[BlackElo "2006"]

1. e4 c5 2. Nc3 Nc6 3. Nf3 g6 4. b3 Bg7 5. Bb2 d6 6. Rb1 a6 7. Nd5 Nd4 8. c3
Nxf3+ 9. Qxf3 Nf6 10. c4 e5 11. Nxf6+ Bxf6 12. Bc3 O-O 13. Be2 Bg5 14. g3 h5
15. h3 Bd7 16. g4 hxg4 17. hxg4 Kg7 18. Qd3 Qf6 19. Bf3 Rh8 20. Ke2 Rh4 21.
Rxh4 Bxh4 22. Rg1 Rh8 23. Ke1 Bg5 24. Qe2 Qf4 25. Kd1 Rh2 26. Kc2 Bh4 27. Rf1
Rh3 28. Rh1 Rxf3 29. Rxh4 Bxg4 30. Qd1 Rxc3+ {#R} 0-1

[Event "18th Hampstead U2200 Congress"]
[Site "London, England"]
[Date "2014.06.21"]
[Round "1"]
[White "Gaudeau, Valentin"]
[Black "Shallice, Tim"]
[Result "1-0"]
[WhiteElo "1965"]
[BlackElo "1663"]

1. d4 f5 2. g4 fxg4 3. e4 d6 4. Ne2 e5 5. d5 Nf6 6. Ng3 Be7 7. Nc3 O-O 8. h3
c6 9. Be3 cxd5 10. Nxd5 Nxd5 11. Qxd5+ Kh8 12. O-O-O Nc6 13. Nf5 Bxf5 14. exf5
Rc8 15. hxg4 Nb4 16. Qe6 Rf6 17. Qb3 Nxc2 18. Kb1 Nxe3 19. fxe3 Qc7 20. Bd3 d5
21. Qxd5 Rd6 22. Qf7 Rxd3 23. Rxh7+ Kxh7 24. Rh1+ {#r} 1-0

[Event "18th Hampstead U2200 Congress"]
[Site "London, England"]
[Date "2014.06.21"]
[Round "1"]
[White "Samadov, Samir"]
[Black "Kalavannan, Koby"]
[Result "1-0"]
[WhiteElo "1648"]
[BlackElo "1946"]

1. e4 c5 2. c3 Nf6 3. e5 Nd5 4. d4 cxd4 5. cxd4 d6 6. exd6 e6 7. Bb5+ Bd7 8.
Bxd7+ Qxd7 9. Nf3 Bxd6 10. O-O Nc6 11. Nc3 O-O 12. Be3 Rac8 13. Ne4 Bb8 14. g3
Rfd8 15. Nc5 Qe7 16. Re1 Nxe3 17. fxe3 e5 18. Nb3 Nb4 19. Re2 e4 20. Ne1 Qg5
21. a3 Nd5 22. Ng2 Rc6 23. Rc1 Rh6 24. Qe1 f5 25. Qf2 Nf6 26. Rc5 g6 27. Nf4
Ng4 28. Qf1 Re8 29. Qc1 Nxh2 30. Rxh2 Bxf4 31. exf4 Qxg3+ 32. Rg2 Qxb3 33. Rc8
Qa4 34. Rxe8+ Qxe8 35. Rc2 Kf7 36. Rc8 Qb5 37. Qc7+ Kf6 38. Qd6+ Kf7 39. Rc7+
Ke8 40. Qe7# 1-0

[Event "18th Hampstead U2200 Congress"]
[Site "London, England"]
[Date "2014.06.21"]
[Round "1"]
[White "Landau, Jonathan"]
[Black "Horlock, Peter"]
[Result "0-1"]
[WhiteElo "1937"]
[BlackElo "1638"]

1. e4 e5 2. Nc3 Nf6 3. f4 d6 4. Nf3 Nc6 5. Bb5 Bd7 6. d3 a6 7. Bxc6 Bxc6 8.
fxe5 dxe5 9. Nxe5 Bc5 10. Nxc6 bxc6 11. Qf3 Rb8 12. Na4 Be7 13. b3 O-O 14. Bb2
Rb5 15. O-O Rg5 16. Rae1 Nh5 17. d4 f5 18. e5 Rg4 19. Qxc6 Nf4 20. g3 Bh4 21.
Re3 Bxg3 22. hxg3 Qh4 23. Rxf4 Rxg3+ 24. Rxg3 Qxg3+ 25. Qg2 Qxf4 26. d5 Qe3+
27. Kf1 f4 28. e6 g6 29. Qe2 Qh3+ 30. Qg2 Qe3 31. Qf2 Qh3+ 32. Ke2 f3+ 33. Kd2
Qg2 34. Ke3 Qg5+ 35. Kd4 Rf4+ 36. Kc3 Qe5+ 37. Kd2 Qxd5+ 38. Kc1 Qxe6 39. Qd2
f2 40. Qd8+ Rf8 {#R} 0-1

[Event "18th Hampstead U2200 Congress"]
[Site "London, England"]
[Date "2014.06.21"]
[Round "1"]
[White "Hudson, Jeremy"]
[Black "Sagues, Vincent"]
[Result "0-1"]
[WhiteElo "1596"]
[BlackElo "1896"]

1. e4 e6 2. d4 d5 3. exd5 exd5 4. Bd3 Bd6 5. h3 Ne7 6. Nf3 Nbc6 7. c3 Bf5 8.
O-O Qd7 9. Bxf5 Qxf5 10. b4 O-O 11. Na3 a6 12. Qc2 Qh5 13. Qd3 f6 14. Re1 Rfe8
15. Nc2 Qf7 16. Ne3 g6 17. Ng4 Kh8 18. Nh6 Qg7 19. Bd2 Ng8 20. Nxg8 Kxg8 21.
Nh2 f5 22. Nf3 h6 23. Re2 Re4 24. Rae1 Rae8 25. Rxe4 dxe4 26. Qc4+ Kh7 27. d5
Ne7 28. Nd4 Qe5 29. g3 Qxd5 30. Qxd5 Nxd5 31. Kg2 Be5 32. a3 Nb6 33. Ne2 Nc4
34. Bc1 Rd8 35. h4 Rd3 36. Kf1 Bxc3 37. Nxc3 Rxc3 38. Rd1 Rd3 39. Ke2 Rxd1 40.
Kxd1 b5 41. Kc2 Kg7 42. Kb3 Ne5 43. Bf4 Ng4 44. Bxc7 Nxf2 45. Bb6 Ng4 46. Kc3
Kf6 47. Bd4+ Ke6 48. Kd2 Kd5 49. Bc5 Kc4 50. Ke2 Kc3 51. Bd6 Kc2 52. Bf4 h5
53. Bg5 Ne5 54. Bf6 Nc4 55. Be7 Nxa3 56. Ke3 Nc4+ 57. Kf4 Kd2 58. Kg5 e3 59.
Bc5 e2 60. Bf2 Ne5 61. Kf6 Nd3 {#R} 0-1

[Event "18th Hampstead U2200 Congress"]
[Site "London, England"]
[Date "2014.06.21"]
[Round "1"]
[White "Barasi, Paul"]
[Black "Baroukh, Leon"]
[Result "1-0"]
[WhiteElo "1867"]
[BlackElo "1582"]

1. d4 d5 2. Bg5 Bf5 3. c4 c6 4. Nc3 Qa5 5. Nf3 e6 6. Rc1 Bb4 7. a3 Bxc3+ 8.
Rxc3 dxc4 9. Bd2 Qd5 10. Rxc4 Qxc4 11. e4 Qa2 12. exf5 exf5 13. Ne5 b5 14. Bd3
Ne7 15. O-O O-O 16. Re1 Qxb2 17. Bb4 Re8 18. Nf3 Kf8 19. Re2 Qxe2 20. Qxe2 a5
21. Bd6 g6 22. Ng5 h6 23. Qe5 Kg8 24. Nf3 Nd7 25. Qg3 Nf6 26. Qh4 Kg7 27. Be5
Ned5 28. h3 Re6 29. Bb1 Nc3 30. Bc2 Rxe5 31. dxe5 Nfd5 32. Nd4 c5 33. Nb3 Ne2+
34. Kh2 g5 35. Qh5 Ndf4 36. Qf3 Rd8 37. g3 c4 38. gxf4 cxb3 39. Qxe2 bxc2 40.
Qxc2 Kg6 41. Qc6+ Kh5 42. Qf6 Rd2 43. fxg5 hxg5 44. Qxf7+ Kh6 45. Qf6+ Kh5 46.
Qxf5 b4 47. Kg3 bxa3 48. Qh7# 1-0

[Event "18th Hampstead U2200 Congress"]
[Site "London, England"]
[Date "2014.06.21"]
[Round "1"]
[White "Karia, Kamlesh"]
[Black "Millward, David J"]
[Result "1/2-1/2"]
[WhiteElo "1587"]
[BlackElo "1866"]

1. e4 e5 2. Nf3 Nc6 3. d4 exd4 4. Bc4 d6 5. O-O Be7 6. Nxd4 Nf6 7. Nc3 O-O 8.
a3 Nxd4 9. Qxd4 Be6 10. Nd5 Nxd5 11. Bxd5 Bf6 12. Qb4 Bxd5 13. exd5 b6 14. Re1
Qd7 15. Qb3 Rfe8 16. Be3 Re7 17. c3 Rae8 18. h3 Bg5 19. c4 Bxe3 20. Rxe3 Rxe3
21. fxe3 Qe7 22. Re1 Qh4 23. Rf1 Qe4 24. Rf3 f6 25. Kf2 Qh4+ 26. Ke2 Qg5 27.
Kf2 Re4 28. Qa4 Qe5 29. Qc2 {#d} 1/2-1/2

[Event "18th Hampstead U2200 Congress"]
[Site "London, England"]
[Date "2014.06.21"]
[Round "1"]
[White "Giles, Yasmin"]
[Black "Larios, Rafael"]
[Result "1-0"]
[WhiteElo "1857"]
[BlackElo "1585"]

1. e4 c5 2. Nc3 g6 3. d4 cxd4 4. Qxd4 Nf6 5. Nf3 Nc6 6. Qa4 Bg7 7. Bb5 O-O 8.
h3 a6 9. Be3 Na5 10. Be2 b5 11. Qb4 d6 12. Nd5 Nc6 13. Nxf6+ Bxf6 14. Qa3 b4
15. Qb3 Be6 16. Qa4 Qc8 17. Rb1 a5 18. O-O Bxh3 19. gxh3 Qxh3 20. Bf4 Qg4+ 21.
Bg3 Nd8 22. Nd4 Qh3 23. c3 e5 24. Nb5 Ne6 25. Qd1 Ng5 26. Bg4 Qh6 27. Qe2 Be7
28. Kg2 f5 29. Rh1 Qg7 30. Bf3 Rf6 31. Bh4 fxe4 32. Bxe4 Rf4 33. Bxa8 Qf8 34.
Bd5+ Kh8 35. Bg3 Rf5 36. cxb4 axb4 37. Qc4 Nf3 38. Bxf3 Rxf3 39. Qxb4 Rd3 40.
Qe4 Rd2 41. Qxg6 {#r} 1-0

[Event "18th Hampstead U2200 Congress"]
[Site "London, England"]
[Date "2014.06.21"]
[Round "1"]
[White "Balouka Myers, Gabriel"]
[Black "Seman, Myroslav"]
[Result "0-1"]
[WhiteElo "1583"]
[BlackElo "1826"]

1. d4 g6 2. c4 Bg7 3. Nc3 e6 4. e4 Ne7 5. f3 O-O 6. Be3 c6 7. Qd2 d5 8. e5 a5
9. h4 Nf5 10. Bf2 Bh6 11. Qd3 dxc4 12. Qxc4 b5 13. Qd3 Ba6 14. Qe4 b4 15. Bxa6
bxc3 16. Bb7 Ra7 17. Bxc6 Nxc6 18. Qxc6 Rc7 19. Qb5 c2 20. Ne2 c1=Q+ 21. Nxc1
Rxc1+ 22. Rxc1 Bxc1 23. O-O Be3 24. g4 Bxf2+ 25. Kxf2 Qxd4+ {#R} 0-1

[Event "18th Hampstead U2200 Congress"]
[Site "London, England"]
[Date "2014.06.21"]
[Round "1"]
[White "Finnegan, Oliver"]
[Black "Gribben, Chris"]
[Result "1-0"]
[WhiteElo "1818"]
[BlackElo "1540"]

1. d4 d5 2. c4 e6 3. Nc3 Be7 4. Bf4 Nf6 5. e3 c6 6. Nf3 O-O 7. h3 Nbd7 8. cxd5
exd5 9. Bd3 g6 10. O-O Nh5 11. Bh6 Re8 12. e4 dxe4 13. Nxe4 Ndf6 14. Neg5 Ng7
15. Bxg7 Kxg7 16. Bc4 Nd5 17. Re1 Bd7 18. Ne4 Bb4 19. Ned2 Be6 20. a3 Bxd2 21.
Qxd2 Qc7 22. Rac1 Nf4 23. Ne5 Bxc4 24. Qxf4 Bd5 25. Nxg6 Rxe1+ 26. Rxe1 Qa5
27. b4 Qxa3 28. Ne7 Be6 29. Re5 Kf8 30. Rxe6 Ke8 31. Re3 {#r} 1-0

[Event "18th Hampstead U2200 Congress"]
[Site "London, England"]
[Date "2014.06.21"]
[Round "1"]
[White "Xu, David"]
[Black "Dziedzic, Tomek"]
[Result "1-0"]
[WhiteElo "1538"]
[BlackElo "1795"]

1. Nf3 d5 2. g3 Nf6 3. Bg2 e6 4. O-O Be7 5. d4 c5 6. e3 O-O 7. b3 Nc6 8. Bb2
b6 9. c4 Bb7 10. Nbd2 cxd4 11. Nxd4 Nxd4 12. Bxd4 Rb8 13. Rc1 Ba3 14. Rc2 Qe7
15. Be5 Bd6 16. Bxd6 Qxd6 17. cxd5 exd5 18. Nf3 Ne4 19. Nd4 Nc5 20. Qg4 Qf6
21. Qe2 Ba6 22. Nb5 Qe7 23. Bxd5 Ne6 24. Bc4 Rbc8 25. Nxa7 Bxc4 26. Nxc8 Rxc8
27. Rxc4 Rxc4 28. Qxc4 h6 29. Rd1 Ng5 30. Qd5 Qa7 31. h4 Ne6 32. a4 Qc7 33.
Qc4 Qb7 34. Rd6 Nc5 35. a5 Qf3 36. Rd4 Ne6 37. axb6 Nxd4 38. Qxd4 Kh7 39. Qd7
Qe2 40. b7 Qe1+ 41. Kg2 Qb4 42. Qf5+ Kg8 43. Qc8+ Kh7 44. b8=Q Qe4+ 45. Kh2
Qf3 46. Qg8+ Kg6 47. Qd6+ f6 48. Qe8+ Kh7 49. Qf4 Qe2 50. Qf5+ g6 51. Qfxg6#
1-0

[Event "18th Hampstead U2200 Congress"]
[Site "London, England"]
[Date "2014.06.21"]
[Round "1"]
[White "Pein, Jonathan"]
[Black "Ritchie, Paul"]
[Result "1-0"]
[WhiteElo "1788"]
[BlackElo "1507"]

1. b3 e5 2. Bb2 Nc6 3. e3 d5 4. Bb5 Bd6 5. f4 Qe7 6. Nf3 Bg4 7. fxe5 Bxe5 8.
Bxe5 Bxf3 9. Qxf3 Qxe5 10. O-O Nf6 11. Nc3 O-O 12. Bxc6 bxc6 13. Qf4 Qe7 14.
Rae1 Rab8 15. Ne2 Rb4 16. Nd4 c5 17. Nf5 Qd7 18. Qg5 Rg4 19. Nh6+ Kh8 20. Nxg4
Nxg4 21. Qf5 Nf6 22. Qxd7 Nxd7 23. Rf5 c6 24. e4 Nf6 25. e5 Re8 26. Kf1 Ng4
27. Rxf7 Kg8 28. Rxa7 Nxe5 29. c3 Rf8+ 30. Kg1 Re8 31. Kh1 Rf8 32. Kg1 Re8 33.
Re3 Kf8 34. h3 d4 35. cxd4 cxd4 36. Re4 h6 37. Ra5 Nd3 38. Rf5+ {#r} 1-0

[Event "18th Hampstead U2200 Congress"]
[Site "London, England"]
[Date "2014.06.21"]
[Round "1"]
[White "Balouka Myers, Reuben"]
[Black "Lees, Fraser"]
[Result "0-1"]
[WhiteElo "1500"]
[BlackElo "1782"]

1. e4 c6 2. c4 g6 3. d4 Bg7 4. Nc3 d6 5. f3 Nf6 6. Bg5 Qa5 7. h4 h6 8. Be3 Na6
9. g4 h5 10. g5 Nd7 11. a3 Qc7 12. f4 e5 13. f5 O-O 14. Nf3 Re8 15. Be2 exd4
16. Bxd4 Ne5 17. Bxe5 dxe5 18. Qc2 gxf5 19. exf5 e4 20. Nxe4 Qf4 21. f6 Bf8
22. Nfd2 Bf5 23. Bf3 Nc5 24. O-O-O Nxe4 {#R} 0-1

[Event "18th Hampstead U2200 Congress"]
[Site "London, England"]
[Date "2014.06.21"]
[Round "1"]
[White "Pride, Stephen"]
[Black "Pollack, Oscar"]
[Result "1/2-1/2"]
[WhiteElo "1776"]
[BlackElo "1490"]

1. d4 e6 2. Nf3 Nf6 3. Bg5 Be7 4. Nbd2 b6 5. e4 Bb7 6. Bd3 h6 7. Be3 O-O 8.
Qe2 d6 9. O-O Nc6 10. a3 Ng4 11. Bf4 e5 12. dxe5 Ngxe5 13. Ba6 Bxa6 14. Qxa6
Bf6 15. c3 Re8 16. Rfe1 d5 17. Rad1 d4 18. Nxe5 Bxe5 19. Bxe5 Nxe5 20. Nc4 c5
21. Nxe5 Rxe5 22. cxd4 cxd4 23. Qc4 Rc8 24. Qxd4 Qxd4 25. Rxd4 Rc2 26. Rb1 f5
27. f3 fxe4 28. Rxe4 Rd5 29. b4 {(=)} Rdd2 30. Rg4 Ra2 31. h3 Rxa3 32. Rc1
Rad3 33. Rc8+ Rd8 34. Rxd8+ Rxd8 35. Kf2 {#d} 1/2-1/2

[Event "18th Hampstead U2200 Congress"]
[Site "London, England"]
[Date "2014.06.21"]
[Round "1"]
[White "Everitt, David"]
[Black "Yiamakis, Albert"]
[Result "0-1"]
[WhiteElo "1450"]
[BlackElo "1767"]

1. e4 c5 2. Nf3 d6 3. d4 cxd4 4. Nxd4 Nf6 5. Nc3 g6 6. Be3 Bg7 7. f3 O-O 8.
Qd2 Nc6 9. O-O-O d5 10. Qf2 Nxd4 11. Bxd4 e6 12. Kb1 Qa5 13. g4 dxe4 14. h3 e5
15. Be3 Be6 16. a3 Rac8 17. Bd2 Qc7 18. Rc1 exf3 19. Bd3 e4 20. Nxe4 Nxe4 21.
Bxe4 Qe5 22. Bc3 Rxc3 23. Bd3 Qd5 24. b3 Rxb3+ {#R} 0-1

[Event "18th Hampstead U2200 Congress"]
[Site "London, England"]
[Date "2014.06.21"]
[Round "1"]
[White "Brozel, Sacha"]
[Black "Zhao, Haolin"]
[Result "1-0"]
[WhiteElo "1766"]
[BlackElo "1355"]

1. d4 Nf6 2. c4 e6 3. g3 c5 4. Nf3 Nc6 5. d5 Ne7 6. Nc3 exd5 7. cxd5 d6 8. a4
a6 9. Bg2 g6 10. O-O Bg7 11. Nd2 O-O 12. a5 Bd7 13. Nc4 Nc8 14. Bf4 Qc7 15.
Re1 Nh5 16. Bg5 b5 17. axb6 Nxb6 18. Nd2 Nf6 19. e4 h6 20. Bxf6 Bxf6 21. f4
Rfe8 22. e5 Be7 23. Nde4 {Neither scoresheet says if which knight moves to
e4.} Ra7 24. exd6 Bxd6 25. Nf6+ Kf8 26. Nxe8 Bxe8 27. Qe2 Qc8 28. Ne4 c4 29.
Nxd6 Qc5+ 30. Kh1 Qxd6 31. Qxe8+ Kg7 32. Qe5+ Qxe5 33. fxe5 Kf8 34. d6 Nd7 35.
Bc6 Nc5 36. d7 Ne6 37. Red1 Ke7 38. Bd5 Rxd7 39. Bxe6 Rxd1+ 40. Rxd1 Kxe6 41.
Re1 a5 42. Kg2 a4 43. Rc1 Kxe5 44. Rxc4 Kf6 45. Rxa4 Kg7 46. b4 Kh7 47. b5 Kg7
48. b6 Kh7 49. b7 Kg8 50. b8=Q+ Kg7 51. Qe5+ f6 52. Ra7+ Kg8 53. Qb8# 1-0

[Event "18th Hampstead U2200 Congress"]
[Site "London, England"]
[Date "2014.06.21"]
[Round "1"]
[White "Huang, Dion"]
[Black "Jamieson, Alexander"]
[Result "1/2-1/2"]
[WhiteElo "1744"]
[BlackElo "1334"]

1. d4 e6 2. Nf3 Nf6 3. e3 Bb4+ 4. c3 Ba5 5. Bd3 Nc6 6. O-O O-O 7. a4 a6 8. Na3
d5 9. Qc2 h6 10. Bd2 Bb6 11. Rac1 Bd7 12. c4 Ba5 13. Bxa5 Nxa5 14. Ne5 Rc8 15.
c5 Nc6 16. Nxd7 Qxd7 17. Qd2 Rfe8 18. f4 Ne4 19. Bxe4 dxe4 20. Qc2 f5 21. Qd2
Rcd8 22. Qc3 Rb8 23. Nc4 Ne7 24. Qc2 Rec8 25. Ne5 Qe8 26. b3 Nd5 27. Qd2 b5
28. a5 b4 29. Rfe1 c6 {(=)} 30. Nc4 Qd8 31. Nb6 Rc7 32. Qe2 Ra7 33. Qh5 Qe8
34. Qe2 Qg6 35. h3 Kh7 36. Rc4 Qg3 37. Qf2 Qxf2+ 38. Kxf2 g5 39. g3 Kg6 40.
Rg1 g4 41. hxg4 fxg4 42. Rcc1 h5 43. Rh1 Nf6 44. Ra1 Rh8 45. Rh4 Rah7 46. Ra4
Nd5 47. Nxd5 cxd5 48. Rxb4 Ra7 49. Rb6 Kf6 50. Rh1 Rhh7 51. Kg2 Kf5 52. Rc1
Kf6 53. c6 Rhc7 54. b4 Ke7 55. Kf2 Kf6 56. Ke2 Kg6 57. Rc5 h4 58. gxh4 Kh5 59.
b5 axb5 60. Rcxb5 Kxh4 61. Rb7 Rxa5 62. Rxa5 Rxc6 63. Ra2 Kg3 64. Rg7 Rc1 65.
Rd2 Rh1 66. Rg6 Rh2+ 67. Kd1 Rh1+ 68. Kc2 Kf3 69. Rd1 Rh2+ 70. Kb1 g3 71. Rxe6
Kxe3 72. Rg6 Kxf4 73. Rd6 g2 74. Rg6 Rh1 75. Kc2 Kf3 76. Rf6+ Ke3 {#d} 1/2-1/2

[Event "18th Hampstead U2200 Congress"]
[Site "London, England"]
[Date "2014.06.21"]
[Round "1"]
[White "Xu, Shilin"]
[Black "Ali, Syed Zarrar"]
[Result "0-1"]
[WhiteElo "1200"]
[BlackElo "1200"]

1. d4 d5 2. Nf3 Nf6 3. g3 e6 4. Bg2 c5 5. b3 Nc6 6. O-O b6 7. Nbd2 Bb7 8. Bb2
Bd6 9. Re1 cxd4 10. Nxd4 Nxd4 11. Bxd4 Qc7 12. Bxf6 gxf6 13. Rc1 Ba3 14. Rb1
O-O-O 15. Nf3 Kb8 16. Qd3 e5 17. Nh4 e4 18. Qd2 Qe5 19. Qf4 h5 20. b4 Rc8 21.
Qxe5+ fxe5 22. Rb3 Bxb4 23. Rxb4 Rxc2 24. a4 Rhc8 25. Nf5 Rc1 26. Rxc1 Rxc1+
27. Bf1 Bc8 28. Nh4 Bh3 29. Ng2 Bg4 30. Rb2 Ra1 31. h3 Bxh3 32. e3 Rxa4 33.
Rb1 d4 34. Be2 Bg4 35. Kf1 Bxe2+ 36. Kxe2 d3+ 37. Ke1 Kc7 38. Nh4 Rc4 39. Nf5
a5 40. Ng7 a4 41. Nxh5 a3 42. Nf6 Kc6 43. Nxe4 Rxe4 44. Kd2 Kc5 45. Ra1 Ra4
46. Kxd3 b5 47. Kc3 Rc4+ 48. Kb3 b4 49. Ra2 Rc3+ 50. Ka4 Kc4 51. Rd2 Rc1 52.
g4 Kc3 53. Re2 Rc2 {#R} 0-1

[Event "18th Hampstead U2200 Congress"]
[Site "London, England"]
[Date "2014.06.21"]
[Round "1"]
[White "McGann, John"]
[Black "Anilkumar, Anantha P"]
[Result "0-1"]
[WhiteElo "1338"]
[BlackElo "1746"]

1. e4 c5 2. Nc3 Nc6 3. Nf3 g6 4. Bc4 Bg7 5. O-O e6 6. d3 Nge7 7. Bf4 d5 8.
exd5 exd5 9. Bb3 O-O 10. Qd2 Nd4 11. Nxd4 Bxd4 12. Nd1 Bg7 13. Bh6 Bxh6 14.
Qxh6 a6 15. Ba4 b5 16. Bb3 c4 17. dxc4 dxc4 18. Bxc4 bxc4 19. Ne3 Nf5 20. Nxf5
Bxf5 21. Rad1 Qf6 22. Rd2 Rad8 23. Rxd8 Rxd8 24. c3 Re8 25. Qd2 Bd3 26. Rd1
Re2 27. Qc1 Qxf2+ 28. Kh1 Qxg2# 0-1

[Event "18th Hampstead U2200 Congress"]
[Site "London, England"]
[Date "2014.06.21"]
[Round "2"]
[White "Finnegan, Oliver"]
[Black "Haribalu, V."]
[Result "0-1"]
[WhiteElo "1818"]
[BlackElo "2187"]

1. d4 d5 2. c4 c6 3. Nf3 Nf6 4. Nc3 dxc4 5. a4 Bf5 6. e3 e6 7. Bxc4 Bb4 8. O-O
O-O 9. Nh4 Bg4 10. f3 Nd5 11. Qe1 Be7 12. fxg4 Bxh4 13. Qe2 Nb6 14. Bd3 N8d7
15. Qf3 Ne5 16. Bxh7+ Kxh7 17. dxe5 Kg8 18. b3 Nd7 19. Ba3 Be7 20. Bd6 Bxd6
21. exd6 Ne5 22. Qd1 Qg5 23. Rf4 Ng6 24. Rf3 Qxg4 25. Qc2 Rad8 26. Rd1 Qh5 27.
Ne4 Qe5 28. Rg3 Nh4 29. Rg5 f5 30. Rh5 Ng6 31. Nc5 Qxe3+ 32. Qf2 Qe5 33. Rg5
Qf6 34. Qg3 Ne5 35. Nxb7 Rb8 36. Nc5 f4 37. Ne4 Qh6 38. Qe1 Nf7 39. Rg4 Ne5
40. Rg5 Nf7 41. Rg4 Rxb3 42. d7 Rd8 43. Nc5 Re3 44. Qb4 e5 45. Nb7 Qe6 46. h3
Rxd7 47. Nc5 Rxd1+ 48. Kf2 Qa2+ {#R} 0-1

[Event "18th Hampstead U2200 Congress"]
[Site "London, England"]
[Date "2014.06.21"]
[Round "2"]
[White "Ronka, Erik"]
[Black "Pein, Jonathan"]
[Result "1-0"]
[WhiteElo "2173"]
[BlackElo "1788"]

1. d4 Nf6 2. c4 g6 3. Nc3 Bg7 4. e4 O-O 5. Be3 Nc6 6. d5 Nb8 7. f3 d6 8. Nge2
c5 9. Qd2 Na6 10. Ng3 Rb8 11. Be2 e6 12. O-O exd5 13. cxd5 Re8 14. a3 Nc7 15.
b4 b6 16. Rab1 Bb7 17. Bg5 Qe7 18. Rfe1 Qf8 {(=)} 19. Nb5 Nxb5 20. Bxb5 h6 21.
Bxe8 Rxe8 22. Be3 Nxd5 23. exd5 Rxe3 24. Rxe3 Bd4 25. Kh1 {#r} 1-0